000 01559aam a22004931a 4500
999 _c1231
_d1231
001 018530049
003 Uk
005 20230104094250.0
006 m || d |
007 cr |||||||||||
008 110114s2008 enk jo 000 1 eng d
015 _aGBB7I3508
_2bnb
020 _a9780141920689
_q(electronic bk.)
020 _z9780141321042
020 _z0141321040
037 _aPenguinGroup193589
_bIngram Content Group
040 _aTEFOD
_beng
_cTEFOD
_dOCLCQ
_dAU@
_dTEFOD
_dOCLCQ
_dOCLCF
_dOCLCQ
_dOCLCA
_dUk
_dKH8
041 1 _aeng
_hfre
042 _aukblsr
050 4 _aPQ2469.V75
_bJ68 2008eb
082 0 4 _a843.8 VER
_222
100 1 _aVerne, Jules,
_d1828-1905.
245 1 0 _aJourney to the centre of the Earth /
_cJules Verne.
260 _aLondon :
_bPuffin,
_c2008.
300 _b337p
_c18cm
336 _atext
_2rdacontent
337 _acomputer
_2rdamedia
338 _aonline resource
_2rdacarrier
490 1 _aPuffin classics
546 _aTranslated from the French.
588 0 _aPrint version record.
650 7 _aScience fiction (Children's / Teenage)
_2bicssc
650 0 _aScience fiction.
650 0 _aChildren's stories.
650 7 _aChildren's stories.
_2fast
_0(OCoLC)fst00856632
650 7 _aScience fiction.
_2fast
_0(OCoLC)fst01108566
655 0 _aChildren's stories.
655 7 _aFiction.
_2fast
_0(OCoLC)fst01423787
655 7 _aJuvenile works.
_2fast
_0(OCoLC)fst01411637
655 7 _aScience fiction.
_2gsafd
830 0 _aPuffin classics.
903 _aELD.DS.196882
942 _2ddc
_cFIC